Draft industrial, trade and commercial policy (Record no. 75652)
[ view plain ]
| 000 -LEADER | |
|---|---|
| fixed length control field | 01392nam a2200217 a 4500 |
| 008 - FIXED-LENGTH DATA ELEMENTS--GENERAL INFORMATION | |
| fixed length control field | 090302s1994 ||||||||||||||||| || u |
| 050 ## - LIBRARY OF CONGRESS CALL NUMBER | |
| Classification number | GOV.ZAM(02)1994/4A |
| 110 ## - MAIN ENTRY--CORPORATE NAME | |
| Corporate name or jurisdiction name as entry element | Government of the Republic of Zambia. Ministry of Commerce, Trade and Industry |
| 245 10 - TITLE STATEMENT | |
| Title | Draft industrial, trade and commercial policy |
| Statement of responsibility, etc. | By Ministry of Commerce, Trade and Industry |
| 260 ## - PUBLICATION, DISTRIBUTION, ETC. | |
| Place of publication, distribution, etc. | Lusaka: |
| Name of publisher, distributor, etc. | Zambia Printing Company |
| Date of publication, distribution, etc. | 1994 |
| 300 ## - PHYSICAL DESCRIPTION | |
| Extent | vi, 70p. |
| 350 ## - | |
| -- | 0.00 |
| 650 ## - SUBJECT ADDED ENTRY--TOPICAL TERM | |
| Topical term or geographic name entry element | TRADE POLICY--ZAMBIA |
| 650 ## - SUBJECT ADDED ENTRY--TOPICAL TERM | |
| Topical term or geographic name entry element | INDUSTRIAL POLICY--ZAMBIA |
| 650 ## - SUBJECT ADDED ENTRY--TOPICAL TERM | |
| Topical term or geographic name entry element | ZAMBIA--COMMERCIAL POLICY |
| 995 ## - | |
| -- | SPECIAL COLLECTIONS |
| -- | 0.00 |
| -- | 03003772 |
| -- | CBU-MAIN LIBRARY (Kitwe) |
| -- | 1 |
| -- | 0.00 |
| -- | GOV.ZAM(02)1994/4D |
| -- | 4 |
| -- | AVAILABLE |
| -- | Mar 3, 2009 |
| -- | 03003772 |
| -- | Zambiana Collection |
| 995 ## - | |
| -- | SPECIAL COLLECTIONS |
| -- | 0.00 |
| -- | 03003751 |
| -- | CBU-MAIN LIBRARY (Kitwe) |
| -- | 1 |
| -- | 0.00 |
| -- | GOV.ZAM(02)1994/4C |
| -- | 3 |
| -- | AVAILABLE |
| -- | Mar 2, 2009 |
| -- | 03003751 |
| -- | Zambiana Collection |
| 995 ## - | |
| -- | SPECIAL COLLECTIONS |
| -- | 0.00 |
| -- | 03003787 |
| -- | CBU-MAIN LIBRARY (Kitwe) |
| -- | 1 |
| -- | 0.00 |
| -- | GOV.ZAM(02)1994/4E |
| -- | 5 |
| -- | AVAILABLE |
| -- | Mar 4, 2009 |
| -- | 03003787 |
| -- | Zambiana Collection |
| 995 ## - | |
| -- | SPECIAL COLLECTIONS |
| -- | 0.00 |
| -- | 03003749 |
| -- | CBU-MAIN LIBRARY (Kitwe) |
| -- | 1 |
| -- | 0.00 |
| -- | GOV.ZAM(02)1994/4A |
| -- | 1 |
| -- | AVAILABLE |
| -- | Mar 2, 2009 |
| -- | 03003749 |
| -- | Zambiana Collection |
| 995 ## - | |
| -- | SPECIAL COLLECTIONS |
| -- | 0.00 |
| -- | 03003750 |
| -- | CBU-MAIN LIBRARY (Kitwe) |
| -- | 1 |
| -- | 0.00 |
| -- | GOV.ZAM(02)1994/4B |
| -- | 2 |
| -- | AVAILABLE |
| -- | Mar 2, 2009 |
| -- | 03003750 |
| -- | Zambiana Collection |
| 999 ## - | |
| -- | 75652 |
| -- | 75652 |
| Withdrawn status | Lost status | Source of classification or shelving scheme | Damaged status | Not for loan | Permanent Location | Current Location | Shelving location | Date acquired | Total Checkouts | Full call number | Barcode | Date last seen | Copy number | Price effective from | Koha item type |
|---|---|---|---|---|---|---|---|---|---|---|---|---|---|---|---|
| CBU-MAIN LIBRARY, KITWE. | CBU-MAIN LIBRARY, KITWE. | 04/24/2023 | GOV.ZAM(02)1994/4D | 03003772 | 04/24/2023 | 1 | 04/24/2023 | SPECIAL COLLECTION | |||||||
| CBU-MAIN LIBRARY, KITWE. | CBU-MAIN LIBRARY, KITWE. | 04/24/2023 | GOV.ZAM(02)1994/4C | 03003751 | 04/24/2023 | 2 | 1 | 04/24/2023 | SPECIAL COLLECTION | |||||||
| CBU-MAIN LIBRARY, KITWE. | CBU-MAIN LIBRARY, KITWE. | 04/24/2023 | GOV.ZAM(02)1994/4E | 03003787 | 04/24/2023 | 3 | 04/24/2023 | SPECIAL COLLECTION | |||||||
| CBU-MAIN LIBRARY, KITWE. | CBU-MAIN LIBRARY, KITWE. | 04/24/2023 | GOV.ZAM(02)1994/4A | 03003749 | 04/24/2023 | 4 | 04/24/2023 | SPECIAL COLLECTION | |||||||
| CBU-MAIN LIBRARY, KITWE. | CBU-MAIN LIBRARY, KITWE. | 04/24/2023 | GOV.ZAM(02)1994/4B | 03003750 | 04/24/2023 | 5 | 04/24/2023 | SPECIAL COLLECTION |